书目信息 |
| 题名: |
中外名人演讲精粹
|
|
| 作者: | 费泉京 主编 | |
| 分册: | ||
| 出版信息: | 北京 中国书籍出版社 1999.04 |
|
| 页数: | 358页 | |
| 开本: | 20cm | |
| 丛书名: | 世界著名演说 | |
| 单 册: | ||
| 中图分类: | I16 | |
| 科图分类: | 42.86 | |
| 主题词: | 演说--世界--选集 , 演说--美洲--选集 , 演说--非洲--选集 | |
| 电子资源: | ||
| ISBN: | 7-5068-0799-8 | |
| 000 | 00856cam2 2200289 45 | |
| 001 | 0199035387 | |
| 005 | 20070525083557.21 | |
| 010 | @a7-5068-0799-8@dCNY15.00 | |
| 100 | @a19990528d1999 em y0chiy0121 ea | |
| 101 | 1 | @achi@cmul |
| 102 | @aCN@b110000 | |
| 105 | @ay z 000hy | |
| 200 | 1 | @a中外名人演讲精粹@AZhong Wai Ming Ren Yan Jiang Jing Cui@e美洲和非洲卷@f费泉京主编@FFei Quan Jing Zhu Bian |
| 210 | @a北京@c中国书籍出版社@d1999.04 | |
| 215 | @a358页@d20cm | |
| 225 | 2 | @a世界著名演说 |
| 410 | 0 | @12001 @a世界著名演说 |
| 517 | 1 | @a美洲和非洲卷@Amei zhou he fei zhou juan |
| 606 | @a演说@y世界@x选集 | |
| 606 | @a演说@y美洲@x选集 | |
| 606 | @a演说@y非洲@x选集 | |
| 690 | @aI16@v4 | |
| 692 | @a42.86@v2 | |
| 701 | 0 | @a费泉京@AFei Quan Jing@4主编 |
| 801 | 0 | @aCN@bNLC@c20070525 |
| 905 | @aBZT@dI16@e43 | |
| 906 | @dCNY15.00@n0@r1 | |
| 中外名人演讲精粹:美洲和非洲卷/费泉京主编.-北京:中国书籍出版社,1999.04 |
| 358页;20cm.-(世界著名演说) |
| ISBN 7-5068-0799-8:CNY15.00 |
| ● |
| 相关链接 |
|
|
|
正题名:中外名人演讲精粹
索取号:I16/43
 
预约/预借
| 序号 | 登录号 | 条形码 | 馆藏地/架位号 | 状态 | 备注 |
| 1 | 525794 | 230141210 | 中心书库中库/打包BH0995/ [索取号:I16/43] | 在馆 | |
| 2 | 525795 | 230141209 | 中心书库中库/打包BH0996/ [索取号:I16/43] | 在馆 | |
| 3 | 525796 | 230141211 | 中心书库中库/打包BH0995/ [索取号:I16/43] | 在馆 | |
| 4 | 525797 | 230141212 | 中心书库中库/打包BH0996/ [索取号:I16/43] | 在馆 |